| 000 | 00780nam a22001337a 4500 | ||
|---|---|---|---|
| 040 | _cRUA | ||
| 082 | _aAGR CHH 2012 B052 Or.1 | ||
| 100 | _aCHHAN SINET | ||
| 245 | _aComparison of different irrigation techniques on chilli pepper yield at crop station in royal university of agriculture,(ប្រៀបធៀបបច្ចេកទេសស្រោចស្រពខុសគ្នាលើទិន្នផលម្ទេសនៅក្នុងស្ថានីយ៍ពិសោធន៍ដំណាំ នៃសាកលវិទ្យាល័យភូមិន្ទកសិកម្ម) | ||
| 260 |
_aphnom penh _bRUA _c2012 |
||
| 300 |
_ax, 43p. _cill. |
||
| 856 | _uhttps://drive.google.com/file/d/1mC-H0YRlkrgtcQK9ujSEurGoT9ht63K4/view?usp=sharing | ||
| 942 | _cAGR | ||
| 999 |
_c1224 _d1224 |
||